000 00511pab a2200193 454500
008 180718b2012 xxu||||| |||| 00| 0 eng d
100 _aOgden, Chris
245 _aA lasting legacy: The BJP led National Democratic Alliance and India's politics
260 _c2012
300 _ap.22-38.
362 _aFeb
650 _aNDA
650 _aBJP
650 _aIndia - Politics and government
650 _aPolitics and government
773 _aJournal of Contemporary Asia
908 _aN
909 _a96148
999 _c96148
_d96148